Normal view
MARC view
- JAI, N.K
Entry Personal Name
001 - CONTROL NUMBER
- control field: 5420
003 - CONTROL NUMBER IDENTIFIER
- control field: OSt
005 - DATE AND TIME OF LATEST TRANSACTION
- control field: 20230506105538.0
008 - FIXED-LENGTH DATA ELEMENTS
- fixed length control field: 230506|| aca||aabn | a|a d
040 ## - CATALOGING SOURCE
- Original cataloging agency: OSt
- Transcribing agency: OSt
100 ## - HEADING--PERSONAL NAME
- Personal name: JAI, N.K
- Personal name: ജയ് എൻ കെ
670 ## - SOURCE DATA FOUND
- Source citation: Work cat.: (OSt)17658: JAI, N.K ജയ് എൻ കെ , ROYAL MASSACRE , 2023
